00273nam a2200097Ia 450000100070000000500170000700800410002424500720006526000300013730000080016758881020250717120838.0250717s9999 xx 000 0 und d 0aV-14 HAMMİT KIRMIZI BAŞLIKLI SOSİcM.SALİH SIRMAÇEKİÇ bTİMAŞ YAYINLARIc2016 b120